00469nam a22001577a 450000500170000001000150001702000260003203500140005803700130007208200080008510000140009324500640010726000450017127000710021630000240028720170817135819.0 aENG-119841 a9788184621426c500.00 aEN-103373 bDBAD/PUB a881 aChandrika aOcean in a drop :cby Chandrikabinspired by the Ramayana / aMumbaibVakils, Feffer and Simons c2017 aIndustry Manor, Appasaheb Marathe Marg Prabhadevi,bMumbaie400025 axi,128p. c19cm(Hb)